[Event "77 España ch 2012"]
[Site "Maspalomas ESP"]
[Date "2012.09.29"]
[Round "1.1"]
[White "Korneev, Oleg"]
[Black "Aguila Hernandez, Eduardo"]
[Result "1-0"]
[WhiteElo "2596"]
[BlackElo "1896"]
[PlyCount "85"]
[EventDate "2012.09.29"]
[EventType "swiss"]
[EventRounds "9"]
[EventCountry "ESP"]
[Source "lmi"]
[SourceDate "2012.09.29"]

1. e4 c5 2. Nf3 e6 3. d4 cxd4 4. Nxd4 a6 5. Bd3 b5 6. O-O d6 7. a4 bxa4 8. Nc3
Nf6 9. Rxa4 Bb7 10. Qe2 Be7 11. Be3 O-O 12. Rfa1 d5 13. e5 Nfd7 14. f4 Nc5 15.
R4a2 Nxd3 16. cxd3 Qd7 17. Na4 Qc7 18. Rc1 Nc6 19. b3 Rac8 20. Rac2 Nxd4 21.
Bxd4 Qa5 22. Bc5 Bxc5+ 23. Nxc5 Qb4 24. Qd2 Qxd2 25. Rxd2 Rc6 26. d4 Rfc8 27.
Rdc2 h6 28. Kf2 Rb6 29. Rc3 Rc7 30. Na4 Rxc3 31. Rxc3 Rc6 32. Nc5 Kf8 33. Ke3
Ke7 34. Kd2 Rc7 35. b4 Kd8 36. Rg3 g6 37. Ra3 Kc8 38. g4 Rc6 39. Rh3 Rb6 40.
Kc3 Rb5 41. Rxh6 a5 42. bxa5 Rxa5 43. Rh8+ 1-0

[Event "77 España ch 2012"]
[Site "Maspalomas ESP"]
[Date "2012.09.29"]
[Round "1.3"]
[White "Arizmendi Martinez, Julen Luis"]
[Black "Rossello Padron, Carlos"]
[Result "1-0"]
[WhiteElo "2560"]
[BlackElo "1882"]
[PlyCount "71"]
[EventDate "2012.09.29"]
[EventType "swiss"]
[EventRounds "9"]
[EventCountry "ESP"]
[Source "lmi"]
[SourceDate "2012.09.29"]

1. d4 Nf6 2. c4 c5 3. d5 b5 4. Nf3 d6 5. cxb5 a6 6. b6 Bb7 7. Nc3 g6 8. e4 Nbd7
9. a4 Qxb6 10. a5 Qc7 11. h3 Bg7 12. Bc4 O-O 13. O-O Rfb8 14. Re1 Bc8 15. Qc2
Rb4 16. b3 Ne8 17. Bb2 Ne5 18. Nxe5 Bxe5 19. Nd1 f6 20. Bxe5 fxe5 21. Nb2 Ng7
22. Nd3 Rbb8 23. Nxe5 Bd7 24. Qd3 Bb5 25. Nc6 Bxc4 26. bxc4 Rb7 27. Rab1 e6 28.
Rxb7 Qxb7 29. Rb1 Qc7 30. Qb3 exd5 31. cxd5 Ne8 32. e5 dxe5 33. d6+ Qf7 34.
Qxf7+ Kxf7 35. d7 Ke6 36. Rd1 1-0

[Event "77 España ch 2012"]
[Site "Maspalomas ESP"]
[Date "2012.09.29"]
[Round "1.4"]
[White "Perez Castellano, Susana"]
[Black "Anton Guijarro, David"]
[Result "0-1"]
[WhiteElo "1876"]
[BlackElo "2546"]
[PlyCount "50"]
[EventDate "2012.09.29"]
[EventType "swiss"]
[EventRounds "9"]
[EventCountry "ESP"]
[Source "lmi"]
[SourceDate "2012.09.29"]

1. e4 c5 2. Nf3 e6 3. d4 cxd4 4. Nxd4 a6 5. Nc3 Qc7 6. Be2 Nf6 7. O-O d6 8. Kh1
b5 9. a3 Bb7 10. Qd3 Nbd7 11. Nb3 h5 12. f4 h4 13. h3 Rd8 14. Be3 Nc5 15. Bxc5
dxc5 16. Qe3 c4 17. Nc1 Bc5 18. Qf3 Nh5 19. Rd1 Ng3+ 20. Kh2 f5 21. Rxd8+ Kxd8
22. N1a2 g5 23. b4 Bb6 24. a4 g4 25. hxg4 fxe4 0-1

[Event "77 España ch 2012"]
[Site "Maspalomas ESP"]
[Date "2012.09.29"]
[Round "1.5"]
[White "Alonso Rosell, Alvar"]
[Black "Ramirez Medina, Victor"]
[Result "1-0"]
[WhiteElo "2528"]
[BlackElo "1875"]
[PlyCount "109"]
[EventDate "2012.09.29"]
[EventType "swiss"]
[EventRounds "9"]
[EventCountry "ESP"]
[Source "lmi"]
[SourceDate "2012.09.29"]

1. c4 c6 2. e4 d5 3. exd5 cxd5 4. d4 Nf6 5. Nc3 Nc6 6. Bg5 e6 7. c5 Be7 8. Bb5
O-O 9. Nf3 Bd7 10. O-O h6 11. Bf4 Ne4 12. Rc1 f5 13. Bxc6 Bxc6 14. Ne5 Qe8 15.
f3 Nxc3 16. Rxc3 g5 17. Bc1 Bf6 18. Re1 Bxe5 19. Rxe5 Qg6 20. f4 g4 21. Be3
Rfe8 22. Bf2 Kf7 23. Bh4 Qh5 24. Qe1 Qg6 25. Rce3 Bd7 26. Qa5 Rec8 27. b4 Kg8
28. b5 Qf7 29. a4 Qf8 30. Qe1 a6 31. h3 h5 32. Bg5 axb5 33. axb5 Qf7 34. Kh2
Ra4 35. Rxe6 Bxe6 36. Rxe6 Rxd4 37. Rf6 Qe8 38. Re6 Qf7 39. Rf6 Qe8 40. Qh4 Rd3
41. hxg4 fxg4 42. Bh6 g3+ 43. Kh3 Qd7+ 44. f5 Rd1 45. Qg5+ Kh8 46. Bg7+ Qxg7
47. Rh6+ Kg8 48. Rg6 Qxg6 49. Qxg6+ Kf8 50. Qf6+ Ke8 51. Qe6+ Kd8 52. c6 Rh1+
53. Kxg3 bxc6 54. bxc6 Rc7 55. Qd6+ 1-0

[Event "77 España ch 2012"]
[Site "Maspalomas ESP"]
[Date "2012.09.29"]
[Round "1.6"]
[White "Diaz Sanchez, Jose Francisco"]
[Black "Alsina Leal, Daniel"]
[Result "0-1"]
[WhiteElo "1868"]
[BlackElo "2528"]
[PlyCount "84"]
[EventDate "2012.09.29"]
[EventType "swiss"]
[EventRounds "9"]
[EventCountry "ESP"]
[Source "lmi"]
[SourceDate "2012.09.29"]

1. e4 c5 2. Nf3 d6 3. d4 cxd4 4. Nxd4 Nf6 5. Nc3 a6 6. a4 Nc6 7. Be2 e5 8. Nb3
Be7 9. O-O O-O 10. Be3 Be6 11. Bf3 Rc8 12. Rc1 Nb4 13. Re1 d5 14. Nxd5 Nfxd5
15. exd5 Nxd5 16. Bd2 Qd7 17. a5 Rfd8 18. Qe2 Bf6 19. Bxd5 Bxd5 20. Bc3 Qf5 21.
Nd2 Bg5 22. Qxe5 Qxe5 23. Rxe5 Bf4 24. Re7 Rxc3 25. bxc3 Bc6 26. Re2 Bxd2 27.
Rd1 Bg5 28. Rxd8+ Bxd8 29. Re5 f6 30. Rc5 g6 31. h3 Kf7 32. g3 Ke6 33. Rc4 Bxa5
34. h4 Bc7 35. Rd4 a5 36. Rd1 a4 37. Kf1 Be5 38. Ke2 Bb5+ 39. Kd2 Bc4 40. Re1
Kf7 41. f4 Bd6 42. Ra1 a3 0-1

[Event "77 España ch 2012"]
[Site "Maspalomas ESP"]
[Date "2012.09.29"]
[Round "1.7"]
[White "Romero Holmes, Alfonso"]
[Black "Buet, Samuel"]
[Result "1-0"]
[WhiteElo "2508"]
[BlackElo "1845"]
[PlyCount "45"]
[EventDate "2012.09.29"]
[EventType "swiss"]
[EventRounds "9"]
[EventCountry "ESP"]
[Source "lmi"]
[SourceDate "2012.09.29"]

1. e4 c5 2. b3 Nc6 3. Bb2 d6 4. f4 e5 5. Bb5 Nf6 6. Bxc6+ bxc6 7. Qf3 Qc7 8.
Na3 Be7 9. fxe5 dxe5 10. Nc4 Bd6 11. Qd3 Ke7 12. Nf3 Nd7 13. Qe3 f6 14. Nh4 g6
15. Qh6 Ba6 16. Ne3 Ke6 17. Nf3 Bf8 18. Qh3+ Ke7 19. d3 Qa5+ 20. Ke2 Qb4 21.
Rhf1 Qxe4 22. c4 Qf4 23. Nxe5 1-0

[Event "77 España ch 2012"]
[Site "Maspalomas ESP"]
[Date "2012.09.29"]
[Round "1.8"]
[White "Lopez Rivera, Jesus"]
[Black "Larino Nieto, David"]
[Result "0-1"]
[WhiteElo "1839"]
[BlackElo "2487"]
[PlyCount "40"]
[EventDate "2012.09.29"]
[EventType "swiss"]
[EventRounds "9"]
[EventCountry "ESP"]
[Source "lmi"]
[SourceDate "2012.09.29"]

1. e4 d5 2. exd5 Qxd5 3. Nc3 Qa5 4. d4 Nf6 5. Bc4 Nc6 6. Nge2 Bg4 7. Bd2 O-O-O
8. f3 Bf5 9. a3 Nxd4 10. Nxd4 Rxd4 11. Nb5 Qb6 12. Nxd4 Qxd4 13. Bxf7 Qxb2 14.
Be3 Qc3+ 15. Kf2 e6 16. g4 Bc5 17. gxf5 Qxe3+ 18. Kg2 Qg5+ 19. Kf1 Qxf5 20. h3
Nd5 0-1

[Event "77 España ch 2012"]
[Site "Maspalomas ESP"]
[Date "2012.09.29"]
[Round "1.9"]
[White "Santana Montjoy, Javier"]
[Black "Vega Gutierrez, Sabrina"]
[Result "0-1"]
[WhiteElo "1704"]
[BlackElo "2364"]
[PlyCount "28"]
[EventDate "2012.09.29"]
[EventType "swiss"]
[EventRounds "9"]
[EventCountry "ESP"]
[Source "lmi"]
[SourceDate "2012.09.29"]

1. d4 d5 2. c4 dxc4 3. Nc3 a6 4. a4 Nc6 5. e3 e5 6. Nf3 exd4 7. exd4 Nf6 8.
Bxc4 Bd6 9. O-O O-O 10. Ng5 Nxd4 11. Re1 Bf5 12. Nd5 Nxd5 13. Qxd4 Nb4 14. Ra3
Bxh2+ 0-1

[Event "77 España ch 2012"]
[Site "Maspalomas ESP"]
[Date "2012.09.29"]
[Round "1.10"]
[White "Todorcevic Antic, Miodrag"]
[Black "Diaz Perez, Jose Juan"]
[Result "1-0"]
[WhiteElo "2420"]
[BlackElo "1730"]
[PlyCount "141"]
[EventDate "2012.09.29"]
[EventType "swiss"]
[EventRounds "9"]
[EventCountry "ESP"]
[Source "lmi"]
[SourceDate "2012.09.29"]

1. Nf3 d5 2. c4 c6 3. b3 Nf6 4. Bb2 Bf5 5. d3 e6 6. Nbd2 Nbd7 7. Qc2 Qa5 8. e3
Ba3 9. Bxa3 Qxa3 10. Be2 h6 11. O-O O-O 12. Rfd1 e5 13. Rac1 Rac8 14. Nb1 Qe7
15. cxd5 cxd5 16. Qxc8 Rxc8 17. Rxc8+ Kh7 18. Rdc1 Ne8 19. R8c2 g5 20. Nbd2 g4
21. Ne1 Nef6 22. Nf1 h5 23. Rc7 Qb4 24. e4 dxe4 25. Ng3 exd3 26. Nxd3 Bxd3 27.
Bxd3+ Kh6 28. Bf5 h4 29. Bxd7 hxg3 30. hxg3 Nxd7 31. Rxd7 Kg6 32. Kh2 Qb6 33.
Rc2 f6 34. Rcd2 a6 35. R7d3 Qc5 36. Re3 Qc1 37. Rde2 Qc5 38. Re4 Kf5 39. Rc4
Qf8 40. f4 gxf3 41. gxf3 Qd6 42. Rce4 Qd3 43. R4e3 Qd5 44. a4 b6 45. Kg2 Qd1
46. f4 exf4 47. Rf2 Kg5 48. Rxf4 Qd2+ 49. Kf3 Qd5+ 50. Ke2 Qg2+ 51. Rf2 Qc6 52.
Ref3 Qc2+ 53. Kf1 Qd1+ 54. Kg2 Qd5 55. Kh2 f5 56. Rxf5+ Qxf5 57. Rxf5+ Kxf5 58.
Kh3 Kg5 59. g4 b5 60. axb5 axb5 61. b4 Kg6 62. Kh4 Kh6 63. g5+ Kg6 64. Kg4 Kg7
65. Kf5 Kf7 66. Ke5 Kg6 67. Kd5 Kxg5 68. Kc5 Kf6 69. Kxb5 Ke7 70. Ka6 Kd7 71.
Kb7 1-0

[Event "77 España ch 2012"]
[Site "Maspalomas ESP"]
[Date "2012.09.29"]
[Round "1.11"]
[White "Garceran Izquierdo, Ruben"]
[Black "Ortega Hermida, Daniel"]
[Result "0-1"]
[WhiteElo "1719"]
[BlackElo "2392"]
[PlyCount "36"]
[EventDate "2012.09.29"]
[EventType "swiss"]
[EventRounds "9"]
[EventCountry "ESP"]
[Source "lmi"]
[SourceDate "2012.09.29"]

1. c4 c5 2. Nf3 Nf6 3. g3 b6 4. Bg2 Bb7 5. O-O e6 6. d3 Be7 7. Na3 O-O 8. Bf4
d6 9. Re1 a6 10. Qb3 Nc6 11. Rad1 Qc7 12. Bd2 Rfd8 13. Bc3 d5 14. cxd5 Nxd5 15.
Nc4 b5 16. Nce5 Nxc3 17. Nxc6 Nxe2+ 18. Rxe2 Bxc6 0-1

[Event "77 España ch 2012"]
[Site "Maspalomas ESP"]
[Date "2012.09.29"]
[Round "1.12"]
[White "Cuenca Jimenez, Jose Fernando"]
[Black "Gonzalez Perez, Cristina"]
[Result "1-0"]
[WhiteElo "2487"]
[BlackElo "1802"]
[PlyCount "89"]
[EventDate "2012.09.29"]
[EventType "swiss"]
[EventRounds "9"]
[EventCountry "ESP"]
[Source "lmi"]
[SourceDate "2012.09.29"]

1. Nf3 Nf6 2. c4 c6 3. d4 d5 4. Qb3 e6 5. Nc3 Nbd7 6. Bg5 Be7 7. e3 O-O 8. Bd3
dxc4 9. Qxc4 c5 10. O-O cxd4 11. exd4 Nb6 12. Qb3 Nbd5 13. a3 b6 14. Ne2 Bb7
15. Rad1 Rc8 16. Rfe1 Ng4 17. Bc1 Bd6 18. h3 Ngf6 19. Bb1 Ba6 20. Ne5 Bb8 21.
Qf3 Nd7 22. Ng3 Nxe5 23. dxe5 Qe7 24. Qh5 g6 25. Qg4 Rc4 26. Qf3 Rfc8 27. Bd3
Rxc1 28. Rxc1 Rxc1 29. Rxc1 Bb7 30. Re1 Qg5 31. Bf1 Qd2 32. Qe2 Qg5 33. Qb5 Qe7
34. Qa4 Kg7 35. Qg4 Qc5 36. Ne4 Qa5 37. Qd1 Bxe5 38. Nc5 Bh2+ 39. Kxh2 Qxc5 40.
Qd2 Qe7 41. Qd4+ Kg8 42. Qe5 Nf6 43. Rc1 Nd5 44. Bc4 f6 45. Qb8+ 1-0

[Event "77 España ch 2012"]
[Site "Maspalomas ESP"]
[Date "2012.09.29"]
[Round "1.13"]
[White "Sanchez Montesdeoca, Isaac"]
[Black "Munoz Pantoja, Miguel"]
[Result "0-1"]
[WhiteElo "1771"]
[BlackElo "2476"]
[PlyCount "46"]
[EventDate "2012.09.29"]
[EventType "swiss"]
[EventRounds "9"]
[EventCountry "ESP"]
[Source "lmi"]
[SourceDate "2012.09.29"]

1. e4 c5 2. Nf3 Nc6 3. d4 cxd4 4. Nxd4 e5 5. Nb5 Nf6 6. N1c3 d6 7. Bg5 a6 8.
Na3 b5 9. Nd5 Be7 10. Bxf6 Bxf6 11. c3 O-O 12. Nc2 Bg5 13. Be2 Ne7 14. h4 Bxh4
15. Rxh4 Nxd5 16. g3 Nf6 17. Ne3 Be6 18. Bd3 h6 19. Qf3 d5 20. exd5 Bxd5 21.
Qf5 Be6 22. Qxe5 Qxd3 23. Rd1 Qg6 0-1

[Event "77 España ch 2012"]
[Site "Maspalomas ESP"]
[Date "2012.09.29"]
[Round "1.14"]
[White "Forcen Esteban, Daniel"]
[Black "Rodriguez Mellado, Antonio"]
[Result "1-0"]
[WhiteElo "2469"]
[BlackElo "1760"]
[PlyCount "47"]
[EventDate "2012.09.29"]
[EventType "swiss"]
[EventRounds "9"]
[EventCountry "ESP"]
[Source "lmi"]
[SourceDate "2012.09.29"]

1. e4 e5 2. Nf3 Nc6 3. Bc4 Nf6 4. Ng5 d5 5. exd5 Na5 6. Bb5+ c6 7. dxc6 bxc6 8.
Qf3 Bd7 9. Bd3 h6 10. Ne4 Nd5 11. Ng3 Nf4 12. Bf5 Bxf5 13. Nxf5 Qg5 14. Ng3 Bd6
15. O-O O-O 16. d4 Bc7 17. b4 e4 18. Nxe4 Qh4 19. Bxf4 Qxf4 20. Qxf4 Bxf4 21.
bxa5 Rfe8 22. Nbc3 f5 23. Ng3 Bd2 24. Nge2 1-0

[Event "77 España ch 2012"]
[Site "Maspalomas ESP"]
[Date "2012.09.29"]
[Round "1.15"]
[White "Cruz Ramirez, Nauzet"]
[Black "Recuero Guerra, David"]
[Result "0-1"]
[WhiteElo "1760"]
[BlackElo "2450"]
[PlyCount "66"]
[EventDate "2012.09.29"]
[EventType "swiss"]
[EventRounds "9"]
[EventCountry "ESP"]
[Source "lmi"]
[SourceDate "2012.09.29"]

1. d4 Nf6 2. c4 c5 3. d5 e6 4. Nc3 exd5 5. cxd5 d6 6. e4 g6 7. f4 Bg7 8. Nf3
O-O 9. Be2 Re8 10. Qc2 Nxe4 11. Nxe4 Bf5 12. O-O Bxe4 13. Qc4 Nd7 14. Bd3 Bxf3
15. Rxf3 Bd4+ 16. Kh1 Re1+ 17. Rf1 Qa5 18. b4 Rxf1+ 19. Bxf1 Qxb4 20. Qxb4 cxb4
21. Rb1 a5 22. a3 Re8 23. Bd2 bxa3 24. Bc4 b6 25. g3 Bb2 26. Kg1 Rc8 27. Bb3
Nc5 28. Ba2 Ne4 29. Be1 Bd4+ 30. Kg2 Rc2+ 31. Kf3 f5 32. Bb3 Rxh2 33. Rc1 a2
0-1

[Event "77 España ch 2012"]
[Site "Maspalomas ESP"]
[Date "2012.09.29"]
[Round "1.17"]
[White "Suarez Pazos, Alberto"]
[Black "Camacho Collados, Marcos"]
[Result "0-1"]
[WhiteElo "1741"]
[BlackElo "2436"]
[PlyCount "46"]
[EventDate "2012.09.29"]
[EventType "swiss"]
[EventRounds "9"]
[EventCountry "ESP"]
[Source "lmi"]
[SourceDate "2012.09.29"]

1. d4 d6 2. Nf3 Nf6 3. Bg5 Nbd7 4. e3 g6 5. Bd3 Bg7 6. c3 O-O 7. O-O e5 8. Nbd2
Re8 9. dxe5 dxe5 10. e4 Nc5 11. Bc2 h6 12. Bxf6 Qxf6 13. Qe2 b6 14. Rfd1 Ba6
15. Qe3 Ne6 16. Ba4 Red8 17. Nf1 Nf4 18. Bc2 h5 19. g3 Ne6 20. Rxd8+ Rxd8 21.
Rd1 Rxd1 22. Bxd1 Kh7 23. Bb3 Bh6 0-1

[Event "77 España ch 2012"]
[Site "Maspalomas ESP"]
[Date "2012.09.29"]
[Round "1.18"]
[White "Monzon Aleman, Ayoze"]
[Black "Garrido Dominguez, Jesus"]
[Result "0-1"]
[WhiteElo "1727"]
[BlackElo "2396"]
[PlyCount "88"]
[EventDate "2012.09.29"]
[EventType "swiss"]
[EventRounds "9"]
[EventCountry "ESP"]
[Source "lmi"]
[SourceDate "2012.09.29"]

1. e4 d6 2. d4 Nf6 3. Nc3 e5 4. dxe5 dxe5 5. Qxd8+ Kxd8 6. Bg5 Be7 7. O-O-O+
Nbd7 8. Bc4 Rf8 9. Nge2 Ne8 10. Bxe7+ Kxe7 11. Nd5+ Kd8 12. Nec3 c6 13. Ne3 g6
14. Rd2 Nc7 15. Ng4 Ke7 16. Be2 f6 17. Rhd1 Nc5 18. b4 N5e6 19. f3 b5 20. Bf1
Nd4 21. Ne2 Bxg4 22. Nxd4 exd4 23. fxg4 Ne6 24. c3 d3 25. Rxd3 Rfd8 26. Rxd8
Nxd8 27. c4 a6 28. Kb2 Nf7 29. c5 a5 30. a3 axb4 31. axb4 Ke6 32. Be2 Ra7 33.
Bf3 Ke5 34. Kb3 Kf4 35. Kb2 Ne5 36. Rd8 Ke3 37. Rf8 Nd3+ 38. Kb1 Ra4 39. Rxf6
Rxb4+ 40. Ka2 Kd2 41. Rd6 Kc3 42. Bd1 Rxe4 43. Rd7 Re1 44. Bf3 Nb4+ 0-1

[Event "77 España ch 2012"]
[Site "Maspalomas ESP"]
[Date "2012.09.29"]
[Round "1.19"]
[White "Camarena Gimenez, Rufino"]
[Black "Guerrero Ruiz, Jose Luis"]
[Result "1-0"]
[WhiteElo "2393"]
[BlackElo "1720"]
[PlyCount "73"]
[EventDate "2012.09.29"]
[EventType "swiss"]
[EventRounds "9"]
[EventCountry "ESP"]
[Source "lmi"]
[SourceDate "2012.09.29"]

1. d4 d5 2. Nf3 a6 3. Bf4 e6 4. e3 Nf6 5. Bd3 c5 6. c3 Bd6 7. Bxd6 Qxd6 8. Ne5
Bd7 9. Nd2 Bb5 10. Bb1 a5 11. Qf3 Nbd7 12. Qg3 cxd4 13. exd4 Nh5 14. Qg5 g6 15.
Bd3 Bxd3 16. Nxd3 O-O 17. O-O b5 18. a3 Qb6 19. Rfe1 Qd8 20. Qh6 Qf6 21. Nf3
Qg7 22. Qd2 Nhf6 23. Re2 Ne4 24. Qe1 Rfe8 25. h4 Qf8 26. Ng5 Nxg5 27. hxg5 h6
28. f4 hxg5 29. fxg5 Qd6 30. Qh4 Qf8 31. Rf1 Qg7 32. Nf2 Qh7 33. Qf4 Re7 34.
Ng4 Kg7 35. Qd6 Rae8 36. Nf6 Qh8 37. Nxd7 1-0

[Event "77 España ch 2012"]
[Site "Maspalomas ESP"]
[Date "2012.09.29"]
[Round "1.20"]
[White "Lopez Gracia, Fernando"]
[Black "Ruiz Delgado, Basilio"]
[Result "1-0"]
[WhiteElo "2382"]
[BlackElo "1718"]
[PlyCount "47"]
[EventDate "2012.09.29"]
[EventType "swiss"]
[EventRounds "9"]
[EventCountry "ESP"]
[Source "lmi"]
[SourceDate "2012.09.29"]

1. Nf3 d5 2. d4 Nf6 3. c4 e6 4. g3 c5 5. cxd5 exd5 6. Bg2 Nc6 7. O-O c4 8. b3
cxb3 9. Qxb3 Qb6 10. Nc3 Qxb3 11. axb3 a6 12. Bg5 Be6 13. Bxf6 gxf6 14. e3 Rc8
15. Na4 Na5 16. Nb6 Rc6 17. Nxd5 Nxb3 18. Nxf6+ Ke7 19. d5 Nxa1 20. dxc6 bxc6
21. Rxa1 Kxf6 22. Rxa6 c5 23. Bh3 Be7 24. e4 1-0

[Event "77 España ch 2012"]
[Site "Maspalomas ESP"]
[Date "2012.09.29"]
[Round "1.21"]
[White "Hernandez Diaz, Heriberto"]
[Black "Ladron De Guevara Pinto, Paolo"]
[Result "0-1"]
[WhiteElo "1713"]
[BlackElo "2378"]
[PlyCount "100"]
[EventDate "2012.09.29"]
[EventType "swiss"]
[EventRounds "9"]
[EventCountry "ESP"]
[Source "lmi"]
[SourceDate "2012.09.29"]

1. e4 c5 2. f4 g6 3. Nf3 Bg7 4. Nc3 e6 5. Be2 Ne7 6. d3 Nbc6 7. Be3 Nd4 8. Qd2
d6 9. O-O a6 10. Rab1 Qc7 11. Bd1 b5 12. Ne2 Nxf3+ 13. Rxf3 Bb7 14. Rf1 h5 15.
c3 d5 16. Bc2 Rd8 17. Qe1 d4 18. Bd2 dxc3 19. Nxc3 Bd4+ 20. Be3 Qc6 21. Rf2 O-O
22. Rf3 Qd6 23. Rf2 Nc6 24. Rd1 Nb4 25. Bb1 f5 26. e5 Qb6 27. Bxd4 Rxd4 28. Ne2
Rd7 29. a3 Nc6 30. Bc2 Ne7 31. Rd2 Rfd8 32. Bb1 Be4 33. d4 cxd4 34. Ng3 Bxb1
35. Qxb1 d3 36. Kh1 Qe3 37. Nf1 Qe4 38. Rf3 h4 39. h3 a5 40. Kh2 a4 41. Ne3 Nc6
42. Nf1 Kf7 43. Kh1 Na5 44. Rd1 Qc4 45. Rc1 Qd4 46. Nd2 Nc4 47. Nxc4 bxc4 48.
Rd1 Rb8 49. Rd2 Rdb7 50. Rff2 c3 0-1

[Event "77 España ch 2012"]
[Site "Maspalomas ESP"]
[Date "2012.09.29"]
[Round "1.22"]
[White "Gutierrez Olivares, Daniel"]
[Black "Rodriguez Manzaneda, Irene"]
[Result "1-0"]
[WhiteElo "2368"]
[BlackElo "1709"]
[PlyCount "58"]
[EventDate "2012.09.29"]
[EventType "swiss"]
[EventRounds "9"]
[EventCountry "ESP"]
[Source "lmi"]
[SourceDate "2012.09.29"]

1. c4 Nf6 2. Nc3 e6 3. e4 e5 4. Nf3 d6 5. g3 g6 6. Bg2 Bg7 7. O-O O-O 8. d3 Nh5
9. Ne1 c6 10. Be3 Be6 11. f4 exf4 12. gxf4 f5 13. Nf3 fxe4 14. Ng5 Qe7 15. Nxe6
Qxe6 16. dxe4 Bh6 17. Qd2 Na6 18. b3 Nc7 19. Rae1 Qf7 20. Ne2 Ne6 21. f5 Bxe3+
22. Qxe3 Nc5 23. Qd4 Ng7 24. b4 Nd7 25. Nf4 Kh8 26. Ne6 Rg8 27. Ng5 Qe7 28.
fxg6 Ne5 29. Rf7 Qe8 1-0

[Event "77 España ch 2012"]
[Site "Maspalomas ESP"]
[Date "2012.09.29"]
[Round "1.23"]
[White "Moreno Tejera, Emilio"]
[Black "Gonzalez Armas, Dinia"]
[Result "1-0"]
[WhiteElo "2358"]
[BlackElo "1696"]
[PlyCount "31"]
[EventDate "2012.09.29"]
[EventType "swiss"]
[EventRounds "9"]
[EventCountry "ESP"]
[Source "lmi"]
[SourceDate "2012.09.29"]

1. e4 c5 2. Nc3 d6 3. f4 Nc6 4. Nf3 e6 5. Bb5 Nge7 6. O-O g6 7. d4 Bd7 8. dxc5
dxc5 9. Be3 a6 10. Bxc6 Nxc6 11. e5 f5 12. exf6 Qxf6 13. Ne4 Qxb2 14. Rb1 Qa3
15. Rb3 Qa4 16. Rxb7 1-0

[Event "77 España ch 2012"]
[Site "Maspalomas ESP"]
[Date "2012.09.29"]
[Round "1.24"]
[White "Quiza Vazquez, Carolina"]
[Black "Fernandez Garcia, Jose Miguel"]
[Result "0-1"]
[WhiteElo "1655"]
[BlackElo "2356"]
[PlyCount "68"]
[EventDate "2012.09.29"]
[EventType "swiss"]
[EventRounds "9"]
[EventCountry "ESP"]
[Source "lmi"]
[SourceDate "2012.09.29"]

1. d4 Nf6 2. Nf3 e6 3. c3 b6 4. Bg5 Bb7 5. Nbd2 h6 6. Bh4 d6 7. h3 Nbd7 8. e3
g5 9. Bg3 Bg7 10. Bd3 Qe7 11. Qc2 O-O-O 12. O-O-O Nh5 13. Bh2 f5 14. g4 fxg4
15. hxg4 Nhf6 16. Rhg1 Kb8 17. e4 e5 18. dxe5 dxe5 19. Nc4 Nc5 20. Ncxe5 Nxd3+
21. Rxd3 Bxe4 22. Rxd8+ Qxd8 23. Qxe4 Nxe4 24. Nc6+ Kb7 25. Nxd8+ Rxd8 26. Re1
Nxf2 27. Re7 Bf6 28. Rxc7+ Ka6 29. Rc4 Rd3 30. Ne5 Rh3 31. Nd7 Rxh2 32. Nxf6
Nd3+ 33. Kb1 Rxb2+ 34. Ka1 Rf2 0-1

[Event "77 España ch 2012"]
[Site "Maspalomas ESP"]
[Date "2012.09.29"]
[Round "1.26"]
[White "Ramirez Maillo, Juan Adonay"]
[Black "Tejedor Fuentes, Enrique"]
[Result "0-1"]
[WhiteElo "1645"]
[BlackElo "2287"]
[PlyCount "60"]
[EventDate "2012.09.29"]
[EventType "swiss"]
[EventRounds "9"]
[EventCountry "ESP"]
[Source "lmi"]
[SourceDate "2012.09.29"]

1. e4 c5 2. c3 e6 3. d4 d5 4. exd5 Qxd5 5. Nf3 Nc6 6. Be3 cxd4 7. cxd4 Nf6 8.
Nc3 Bb4 9. Bd3 O-O 10. O-O Qa5 11. Ne4 Be7 12. Qe2 Bd7 13. Rad1 Nb4 14. Bd2 Qb6
15. Bb1 Nbd5 16. Bg5 Bb5 17. Nxf6+ Nxf6 18. Qc2 Rac8 19. Qd2 Bxf1 20. Rxf1 Rfd8
21. Rd1 Qb4 22. Qd3 Qc4 23. Qe3 Qb4 24. b3 Qa5 25. Ne5 Qc3 26. Bd3 Rxd4 27. Re1
Nd5 28. Qe2 Bxg5 29. Bxh7+ Kxh7 30. Qh5+ Bh6 0-1

[Event "77 España ch 2012"]
[Site "Maspalomas ESP"]
[Date "2012.09.29"]
[Round "1.27"]
[White "De Prado Rodriguez, Oscar Brun"]
[Black "Sosa Iglesias, Rayco"]
[Result "1-0"]
[WhiteElo "2283"]
[BlackElo "1640"]
[PlyCount "45"]
[EventDate "2012.09.29"]
[EventType "swiss"]
[EventRounds "9"]
[EventCountry "ESP"]
[Source "lmi"]
[SourceDate "2012.09.29"]

1. d4 d5 2. Nf3 Nf6 3. e3 e6 4. Bd3 Be7 5. O-O O-O 6. Nbd2 Nbd7 7. Re1 c5 8. c3
c4 9. Bc2 b5 10. e4 dxe4 11. Nxe4 Bb7 12. Ng3 Nd5 13. Qe2 N7f6 14. Ng5 a6 15.
Nh5 g6 16. Ng3 Re8 17. h4 h6 18. Nxe6 fxe6 19. Bxg6 Kg7 20. Bxe8 Qxe8 21. Qxe6
Bc8 22. Nf5+ Kf8 23. Bxh6# 1-0

[Event "77 España ch 2012"]
[Site "Maspalomas ESP"]
[Date "2012.09.29"]
[Round "1.29"]
[White "Suarez Garcia, Carlos"]
[Black "Perez Hernandez, Juan Manuel"]
[Result "1-0"]
[WhiteElo "2274"]
[BlackElo "1623"]
[PlyCount "37"]
[EventDate "2012.09.29"]
[EventType "swiss"]
[EventRounds "9"]
[EventCountry "ESP"]
[Source "lmi"]
[SourceDate "2012.09.29"]

1. d4 d5 2. c4 c6 3. Nf3 Nf6 4. g3 Bg4 5. Ne5 Be6 6. Bg2 dxc4 7. Na3 Bd5 8. f3
Nbd7 9. Naxc4 Bxc4 10. Nxc4 e6 11. O-O Be7 12. e4 b5 13. Ne3 e5 14. dxe5 Nxe5
15. f4 Qxd1 16. Rxd1 Ng6 17. e5 Nd7 18. Bxc6 Ngf8 19. Bxa8 1-0

[Event "77 España ch 2012"]
[Site "Maspalomas ESP"]
[Date "2012.09.29"]
[Round "1.30"]
[White "Sanchez Ramirez, Gustavo"]
[Black "Alvarado Diaz, Alejandro"]
[Result "0-1"]
[WhiteElo "1591"]
[BlackElo "2258"]
[PlyCount "108"]
[EventDate "2012.09.29"]
[EventType "swiss"]
[EventRounds "9"]
[EventCountry "ESP"]
[Source "lmi"]
[SourceDate "2012.09.29"]

1. e4 d5 2. exd5 Qxd5 3. c4 Qd6 4. d4 Nf6 5. Nc3 g6 6. h3 Bg7 7. Nf3 O-O 8. c5
Qd8 9. Bc4 b6 10. O-O Bb7 11. Be3 Ne4 12. Nxe4 Bxe4 13. Ng5 Bd5 14. Qb3 Bxc4
15. Qxc4 Nd7 16. Rad1 Nf6 17. d5 Qd7 18. Rd2 Rad8 19. Rfd1 Qf5 20. d6 cxd6 21.
cxd6 exd6 22. Rxd6 Rxd6 23. Rxd6 h6 24. Nf3 Rc8 25. Qd4 Ne8 26. Nh4 Bxd4 27.
Nxf5 Nxd6 28. Ne7+ Kf8 29. Nxc8 Bxe3 30. Nxd6 Bd4 31. b3 a6 32. Ne4 Ke7 33. Kf1
f5 34. Nd2 Kd6 35. Ke2 Kc5 36. a3 b5 37. f3 Bb2 38. Nb1 Kd4 39. Kd2 h5 40. g3
Ke5 41. Kd3 Bc1 42. a4 h4 43. gxh4 Kf4 44. Ke2 b4 45. Kf2 Be3+ 46. Ke2 a5 47.
h5 gxh5 48. h4 Bc1 49. Kf2 Ke5 50. Ke2 Kd4 51. Kd1 Bf4 52. Ke2 Bh6 53. Nd2 Bxd2
54. Kxd2 f4 0-1